Groupe des partis en tête pour chaque pays aux Européennes 2024 - Statistiques

Statistiques générales
  • Ce quiz a été pris 41 fois
  • Le résultat moyen est 5 sur 27
Statistiques - réponses
Hint Réponse % Correct
Allemagne Parti Populaire Européen (PPE)
46%
Autriche
Identité et Démocratie (ID)
34%
Finlande Parti Populaire Européen (PPE)
34%
Italie Conservateurs et Réformistes Européens (ECR ou CRE)
31%
Grèce Parti Populaire Européen (PPE)
31%
France Identité et Démocratie (ID)
29%
Lettonie Parti Populaire Européen (PPE)
29%
Luxembourg Parti Populaire Européen (PPE)
29%
Croatie Parti Populaire Européen (PPE)
26%
Estonie Parti Populaire Européen (PPE)
26%
Espagne Parti Populaire Européen (PPE)
23%
Portugal Alliance Progressiste des Socialistes et Démocrates (S&D)
20%
Bulgarie Parti Populaire Européen (PPE)
20%
Chypre Parti Populaire Européen (PPE)
20%
Lituanie Parti Populaire Européen (PPE)
20%
Slovénie Parti Populaire Européen (PPE)
20%
Pologne Parti Populaire Européen (PPE)
17%
Suède Alliance Progressiste des Socialistes et Démocrates (S&D)
14%
Roumanie Alliance Progressiste des Socialistes et Démocrates (S&D)
11%
Danemark Groupe des Verts/Alliance libre européenne (Verts/ALE)
11%
Pays - Bas Groupe des Verts/Alliance libre européenne (Verts/ALE)
11%
Irlande Parti Populaire Européen (PPE)
11%
Malte Alliance Progressiste des Socialistes et Démocrates (S&D)
9%
Belgique Identité et Démocratie (ID)
9%
Hongrie Autres
6%
République Tchèque Renew Europe (RE)
6%
Slovaquie Renew Europe (RE)
0%
Aucun quiz correspondant
Distribution des résultats
% des personnes avec chaque résultat
Percentile par nombre de réponses
Votre historique - résultats
Vous n’avez pas pris ce quiz